Normal view
MARC view
Entry Personal Name
001 - CONTROL NUMBER
- control field: 24352
003 - CONTROL NUMBER IDENTIFIER
- control field: OSt
005 - DATE AND TIME OF LATEST TRANSACTION
- control field: 20230524092109.0
008 - FIXED-LENGTH DATA ELEMENTS
- fixed length control field: 230524|| aca||aabn | a|a d
040 ## - CATALOGING SOURCE
- Original cataloging agency: OSt
- Transcribing agency: OSt
100 ## - HEADING--PERSONAL NAME
- Personal name: သုဝရ(မၢဝ်းၶမ်း)
- Titles and other words associated with a name: ၸဝ်ႈသြႃႇ
670 ## - SOURCE DATA FOUND
- Source citation: Work cat.: (OSt): သုဝရ(မၢဝ်းၶမ်း) ၸဝ်ႈသြႃႇ, ႁႂ်ႈပဵၼ်ၵူၼ်းမေႃႁၢၼ်ႉၸႂ်, 2018